Generation I Pokémon - Statistics

General Stats
  • This quiz has been taken 6 times
  • The average score is 79 of 151
Answer Stats
Answer % Correct
Pikachu
100%
Articuno
80%
Beedrill
80%
Bellsprout
80%
Blastoise
80%
Bulbasaur
80%
Caterpie
80%
Charizard
80%
Charmander
80%
Charmeleon
80%
Dragonite
80%
Dratini
80%
Geodude
80%
Golduck
80%
Golem
80%
Graveler
80%
Ivysaur
80%
Jolteon
80%
Kakuna
80%
Metapod
80%
Mew
80%
Mewtwo
80%
Nidoking
80%
Nidoqueen
80%
Nidoran
80%
Nidorina
80%
Nidorino
80%
Onix
80%
Psyduck
80%
Raichu
80%
Sandshrew
80%
Sandslash
80%
Squirtle
80%
Vaporeon
80%
Wartortle
80%
Weedle
80%
Zapdos
80%
Abra
60%
Alakazam
60%
Arbok
60%
Arcanine
60%
Butterfree
60%
Dewgong
60%
Diglett
60%
Ditto
60%
Doduo
60%
Dragonair
60%
Dugtrio
60%
Ekans
60%
Electrode
60%
Evee
60%
Fearow
60%
Flareon
60%
Gastly
60%
Gengar
60%
Gloom
60%
Golbat
60%
Goldeen
60%
Haunter
60%
Hitmonchan
60%
Hitmonlee
60%
Horsea
60%
Kabuto
60%
Kabutops
60%
Kadabra
60%
Magmar
60%
Magnemite
60%
Magneton
60%
Moltres
60%
Pidgeot
60%
Pidgeotto
60%
Ponyta
60%
Rapidash
60%
Seadra
60%
Seel
60%
Slowbro
60%
Slowpoke
60%
Snorlax
60%
Spearow
60%
Starmie
60%
Staryu
60%
Venomoth
60%
Venusaur
60%
Voltorb
60%
Weepinbell
60%
Zubat
60%
Aerodactyl
40%
Dodrio
40%
Drowzee
40%
Electabuzz
40%
Grimer
40%
Growlithe
40%
Gyarados
40%
Kangaskhan
40%
Lapras
40%
Machamp
40%
Machoke
40%
Machop
40%
Magikarp
40%
Meowth
40%
Muk
40%
Ninetales
40%
Oddish
40%
Omanyte
40%
Omastar
40%
Paras
40%
Parasect
40%
Persian
40%
Pidgey
40%
Porygon
40%
Raticate
40%
Rattata
40%
Rhydon
40%
Rhyhorn
40%
Scyther
40%
Seaking
40%
Tauros
40%
Venonat
40%
Victreebel
40%
Vileplume
40%
Vulpix
40%
Clefable
20%
Clefairy
20%
Cloyster
20%
Cubone
20%
Exeggutor
20%
Farfetch'd
20%
Hypno
20%
Jigglypuff
20%
Jynx
20%
Kingler
20%
Krabby
20%
Lickitung
20%
Mankey
20%
Marowak
20%
Mr. Mime
20%
Pinsir
20%
Poliwag
20%
Poliwhirl
20%
Poliwrath
20%
Primeape
20%
Shellder
20%
Tangela
20%
Tentacool
20%
Tentacruel
20%
Chansey
0%
Koffing
0%
Weezing
0%
Wigglypuff
0%
No matching quizzes found
Score Distribution
Percent of People with Each Score
Percentile by Number Answered
Your Score History
You have not taken this quiz